[Event "XXXV Memorial Edoardo Crespi B"]
[Site "Milano ITA"]
[Date "2014.12.08"]
[Round "7"]
[White "Libutti, Michele"]
[Black "Lavorgna, Francesco"]
[WhiteElo "1764"]
[BlackElo "1700"]
[Result "1/2-1/2"]
[PlyCount "280"]
[EventDate "2014.12.06"]

1. d4 Nf6 2. c4 e6 3. Nc3 d5 4. Bg5 Be7 5. Nf3 h6 6. Bh4 O-O 7. e3 b6 8. cxd5
exd5 9. Bd3 Bb7 10. O-O Nbd7 11. Rc1 c5 12. Re1 Rc8 13. e4 dxe4 14. Nxe4 Nxe4
15. Bxe7 Qxe7 16. Nd2 Ndf6 17. Nxe4 Nxe4 18. Bxe4 Bxe4 19. f3 Qd6 20. Rxe4 Rcd8
21. Qd3 Rd7 22. Rce1 cxd4 23. g3 Qd5 24. b3 g6 25. Rc1 Rfd8 26. Kg2 Kg7 27. Rc2
b5 28. b4 a6 29. a3 Qb7 30. Rc5 Rd5 31. Rc2 Qd7 32. Rc1 Qd6 33. Rc2 Qb6 34. Kf2
a5 35. bxa5 Qxa5 36. Kg2 Qa4 37. Kf2 Ra8 38. Rb2 Qxa3 39. Qxa3 Rxa3 40. Ke2 b4
41. Rxb4 d3+ 42. Kd1 d2 43. Rbd4 Ra1+ 44. Kxd2 Rxd4+ 45. Rxd4 Ra2+ 46. Ke3 Rxh2
47. g4 Ra2 48. Rd5 Ra3+ 49. Kf4 Ra4+ 50. Kg3 Kf6 51. Rc5 Rd4 52. Rb5 Rd2 53.
Rc5 Re2 54. Rd5 Re5 55. Rd6+ Re6 56. Rd5 Rc6 57. Rb5 Rd6 58. Rc5 Rd8 59. Rb5
Ke6 60. Ra5 Rd5 61. Ra6+ Rd6 62. Ra5 Rd4 63. Rb5 Kf6 64. Rc5 g5 65. Rf5+ Kg6
66. Rc5 f6 67. Rc6 Rf4 68. Rb6 Rd4 69. Rc6 Rd8 70. Rc5 Rd3 71. Rc6 Rd4 72. Rb6
Rf4 73. Rc6 Kg7 74. Rc7+ Kg6 75. Rc6 h5 76. gxh5+ Kxh5 77. Rc5 Kg6 78. Rc6 Rd4
79. Rb6 Kf5 80. Rb5+ Ke6 81. Rb6+ Ke5 82. Rb5+ Ke6 83. Rb6+ Kf7 84. Rb5 Kg6 85.
Rb6 Rd5 86. Rc6 Kf5 87. Rb6 Ke5 88. Rb4 f5 89. Ra4 Rd6 90. Ra5+ Kf6 91. Rb5 Kg6
92. Rc5 Rf6 93. Rb5 Re6 94. Ra5 Re2 95. Ra6+ Kh5 96. Ra8 f4+ 97. Kh3 Re3 98.
Rh8+ Kg6 99. Kg4 Re5 100. Rg8+ Kf6 101. Rf8+ Kg6 102. Rg8+ Kh6 103. Rh8+ Kg7
104. Ra8 Re3 105. Ra5 Rd3 106. Rxg5+ Kf6 107. Rf5+ Kg6 108. Rxf4 Rd1 109. Re4
Kf6 110. Rb4 Rd5 111. Rb6+ Kf7 112. f4 Rd1 113. Kg5 Rg1+ 114. Kf5 Ra1 115. Rb7+
Kf8 116. Kg5 Rg1+ 117. Kf6 Ke8 118. f5 Rd1 119. Rb8+ Kd7 120. Kf7 Rf1 121. f6
Kd6 122. Re8 Rh1 123. Re2 Ra1 124. Kg7 Rg1+ 125. Kf8 Rf1 126. f7 Kd7 127. Re7+
Kd8 128. Re4 Kd7 129. Kg7 Rg1+ 130. Kf8 Rf1 131. Re8 Rf2 132. Re7+ Kd8 133. Re4
Kd7 134. Re5 Rf1 135. Kg7 Rg1+ 136. Kf8 Rf1 137. Re7+ Kd8 138. Ra7 Rf2 139. Ra5
Kd7 140. Re5 Rf1 1/2-1/2

[Event "XXXV Memorial Edoardo Crespi B"]
[Site "Milano ITA"]
[Date "2014.12.08"]
[Round "7"]
[White "Luscenkovs, Artjoms"]
[Black "Lapitan, Eusebio"]
[WhiteElo "1712"]
[BlackElo "1690"]
[Result "1/2-1/2"]
[PlyCount "54"]
[EventDate "2014.12.06"]

1. d4 g6 2. c4 Bg7 3. Nc3 d6 4. e4 c6 5. Be3 Qc7 6. Be2 Nd7 7. f4 e5 8. Nf3
Ngf6 9. O-O Ng4 10. Bc1 exd4 11. Nxd4 Qb6 12. Bxg4 Qxd4+ 13. Qxd4 Bxd4+ 14. Kh1
Nf6 15. Bxc8 Rxc8 16. Ne2 Bb6 17. Ng3 Ng4 18. h3 h5 19. b3 Nf2+ 20. Kh2 h4 21.
Ne2 Nxe4 22. Bb2 Rh5 23. Rad1 d5 24. f5 Nf2 25. Rde1 Kd8 26. cxd5 cxd5 27. fxg6
fxg6 1/2-1/2

[Event "XXXV Memorial Edoardo Crespi B"]
[Site "Milano ITA"]
[Date "2014.12.08"]
[Round "7"]
[White "Maccari, Piergiuseppe"]
[Black "Pili, Giangiuseppe"]
[WhiteElo "1714"]
[BlackElo "1678"]
[Result "1-0"]
[PlyCount "91"]
[EventDate "2014.12.06"]

1. Nf3 Nf6 2. g3 e6 3. Bg2 c5 4. O-O d6 5. c4 Qc7 6. Nc3 Bd7 7. d4 Na6 8. Bg5
Be7 9. Rc1 O-O 10. e4 h6 11. Bf4 Nh5 12. Be3 Bf6 13. e5 Be7 14. Nb5 Bxb5 15.
cxb5 Nb4 16. exd6 Bxd6 17. dxc5 Be7 18. Nd4 Nf6 19. a3 Nbd5 20. Bd2 Rfd8 21. c6
b6 22. Qe2 Bd6 23. Rfe1 Re8 24. Nf3 Rad8 25. Ne5 Kf8 26. b4 Kg8 27. Bc3 Kf8 28.
Bd4 Kg8 29. Nc4 Rc8 30. Nxd6 Qxd6 31. Be5 Qe7 32. h3 Red8 33. Rcd1 Kf8 34. Bb2
Kg8 35. Qe5 Qf8 36. Kh2 Kh8 37. Rc1 Nc7 38. Rcd1 Ncd5 39. Bf3 Kg8 40. Kg2 Kh8
41. h4 Qd6 42. Qxd6 Rxd6 43. Bxf6 gxf6 44. Bxd5 Rxd5 45. Rxd5 exd5 46. Re7 1-0

[Event "XXXV Memorial Edoardo Crespi B"]
[Site "Milano ITA"]
[Date "2014.12.08"]
[Round "7"]
[White "Mapelli, Davide"]
[Black "Simeone, Giulio Maria"]
[WhiteElo "1576"]
[BlackElo "1612"]
[Result "1/2-1/2"]
[PlyCount "92"]
[EventDate "2014.12.06"]

1. e4 e6 2. d4 d5 3. exd5 exd5 4. Bd3 Nf6 5. Bg5 Be7 6. Nf3 O-O 7. O-O Bg4 8.
Nbd2 Re8 9. c3 Ne4 10. Bxe7 Rxe7 11. Qc2 Nxd2 12. Nxd2 Kh8 13. Rfe1 Nc6 14. Nf1
Qd6 15. Re3 Rae8 16. Rae1 h6 17. Qb3 b6 18. Qa4 a5 19. Rxe7 Rxe7 20. Rxe7 Nxe7
21. Qe8+ Ng8 22. Qxf7 Qd7 23. Qxd7 Bxd7 24. Nd2 Nf6 25. Nf3 Kg8 26. Ne5 Be6 27.
h3 Ne4 28. Bxe4 dxe4 29. b3 a4 30. c4 axb3 31. axb3 Kf8 32. Kf1 Ke7 33. Ke2 Kd6
34. Ke3 Bf5 35. Kf4 Bh7 36. h4 c5 37. Ke3 Bf5 38. g4 Bh7 39. f3 exf3 40. Nxf3
Bc2 41. Nd2 Bd1 42. g5 hxg5 43. hxg5 Bc2 44. Ne4+ Kc6 45. Nd2 Kd6 46. Ne4+ Kc6
1/2-1/2

[Event "XXXV Memorial Edoardo Crespi B"]
[Site "Milano ITA"]
[Date "2014.12.08"]
[Round "7"]
[White "Marcuzzo, Stefano"]
[Black "Silari, Andrea"]
[WhiteElo "1428"]
[BlackElo "1719"]
[Result "1/2-1/2"]
[PlyCount "85"]
[EventDate "2014.12.06"]

1. e4 c5 2. Nf3 Nc6 3. d4 cxd4 4. Nxd4 Nf6 5. Nc3 d6 6. Bb5 Bd7 7. O-O e6 8.
Bg5 Be7 9. Re1 O-O 10. Bxc6 bxc6 11. e5 Nd5 12. Bxe7 Qxe7 13. exd6 Qxd6 14. Ne4
Qe7 15. c4 Nf6 16. Qf3 Nxe4 17. Qxe4 Rac8 18. Re3 c5 19. Nf5 Qg5 20. Ng3 Bc6
21. Qe5 Qxe5 22. Rxe5 Bb7 23. Rd1 Rc7 24. h3 h6 25. Ne4 Bxe4 26. Rxe4 Rb8 27.
b3 Kf8 28. Kf1 a5 29. Rd3 Ra8 30. a3 a4 31. Re2 axb3 32. Rxb3 Rca7 33. Re5 Rxa3
34. Rxa3 Rxa3 35. Rxc5 Ra7 36. Ke2 Ke7 37. Rc8 Kd7 38. Rg8 g6 39. Rh8 h5 40.
Rf8 Ke7 41. Rc8 Kd7 42. Rf8 Ke7 43. Rc8 1/2-1/2

[Event "XXXV Memorial Edoardo Crespi B"]
[Site "Milano ITA"]
[Date "2014.12.08"]
[Round "7"]
[White "Orlandini, Andrea"]
[Black "Conta, Diego"]
[WhiteElo "1637"]
[BlackElo "1654"]
[Result "1-0"]
[PlyCount "67"]
[EventDate "2014.12.06"]

1. e4 e6 2. d4 d5 3. Nc3 Nf6 4. Bg5 h6 5. Bxf6 Qxf6 6. exd5 Bb4 7. dxe6 Bxe6 8.
Nf3 Nd7 9. a3 Be7 10. Be2 O-O 11. O-O Nb6 12. Ne4 Qf5 13. Bd3 Qd5 14. b3 Qd8
15. c4 Bg4 16. d5 Nd7 17. Be2 f5 18. Ng3 Bf6 19. Rc1 Bb2 20. Rc2 Bxa3 21. h3 f4
22. hxg4 fxg3 23. fxg3 Bc5+ 24. Kh1 Bd6 25. Qe1 Nc5 26. Nd4 Rxf1+ 27. Bxf1 Qg5
28. b4 Na6 29. c5 Nxb4 30. Qxb4 Bxg3 31. Nf5 Bf4 32. Rc4 Be5 33. Re4 Re8 34. d6
1-0

[Event "XXXV Memorial Edoardo Crespi B"]
[Site "Milano ITA"]
[Date "2014.12.08"]
[Round "7"]
[White "Pasini, Nicolo'"]
[Black "Zaccheroni, Dario"]
[WhiteElo "1631"]
[BlackElo "1599"]
[Result "0-1"]
[PlyCount "122"]
[EventDate "2014.12.06"]

1. e4 c5 2. Nf3 Nc6 3. d4 cxd4 4. Nxd4 g6 5. c4 Bg7 6. Be3 Nf6 7. Nc3 O-O 8.
Be2 d6 9. O-O a6 10. b3 Qa5 11. Rc1 Bd7 12. f3 Rfc8 13. Qd2 Nxd4 14. Bxd4 b5
15. Rfd1 bxc4 16. Bxc4 Bb5 17. Nd5 Qxd2 18. Nxf6+ exf6 19. Rxd2 Bh6 20. Rcd1
Bxd2 21. Bxb5 Rc1 22. Rxc1 Bxc1 23. Bc6 Rc8 24. Bb7 Rc2 25. Bxa6 Rxa2 26. Bc4
Bb2 27. Bxb2 Rxb2 28. h4 h5 29. Kh2 g5 30. Kh3 Rb1 31. g3 Kg7 32. f4 gxf4 33.
gxf4 f5 34. exf5 Kf6 35. Kg3 Rg1+ 36. Kh3 Rg4 37. Be2 Rxf4 38. Bxh5 Rxf5 39.
Be2 Re5 40. Bd1 Kf5 41. Kg3 Re3+ 42. Kf2 Kf4 43. h5 Rd3 44. Ke2 Rh3 45. Kd2 f5
46. b4 d5 47. b5 Ke5 48. Ke1 Rh2 49. Be2 Kd6 50. Kf1 Kc5 51. Ke1 f4 52. Kf1 Rh3
53. Kg2 Re3 54. Bf3 d4 55. h6 d3 56. Bh5 Rg3+ 57. Kf2 Rh3 58. Bg6 d2 59. Ke2
Rxh6 60. Bd3 Rh2+ 61. Kd1 Kd4 0-1

[Event "XXXV Memorial Edoardo Crespi B"]
[Site "Milano ITA"]
[Date "2014.12.08"]
[Round "7"]
[White "Pirovano, Ezio"]
[Black "Nikonov, Maxim"]
[WhiteElo "1528"]
[BlackElo "1449"]
[Result "1-0"]
[PlyCount "35"]
[EventDate "2014.12.06"]

1. d4 c6 2. c4 Nf6 3. Nc3 d5 4. e3 Bg4 5. Qb3 Qb6 6. Qxb6 axb6 7. cxd5 Nxd5 8.
Nxd5 cxd5 9. Bd2 e6 10. Be2 Bf5 11. Nf3 Be7 12. Bb5+ Kf8 13. O-O h5 14. Rfc1
Na6 15. Bxa6 bxa6 16. Rc6 b5 17. Rac1 f6 18. Rc8+ 1-0

[Event "XXXV Memorial Edoardo Crespi B"]
[Site "Milano ITA"]
[Date "2014.12.08"]
[Round "7"]
[White "Spano', Pietro"]
[Black "Poletto, Daniele"]
[WhiteElo "1645"]
[BlackElo "1709"]
[Result "0-1"]
[PlyCount "100"]
[EventDate "2014.12.06"]

1. d4 Nf6 2. c4 g6 3. Nc3 Bg7 4. e4 d6 5. f3 O-O 6. Bg5 h6 7. Be3 e5 8. d5 Nh5
9. Qd2 Kh7 10. g4 Nf4 11. Bxf4 exf4 12. Qxf4 Be5 13. Qd2 Qh4+ 14. Qf2 Qxf2+ 15.
Kxf2 f5 16. gxf5 gxf5 17. Bd3 Na6 18. exf5 Bxf5 19. Bxf5+ Rxf5 20. Ke3 Re8 21.
Ne4 Nb4 22. Kd2 Rg8 23. a3 Rg2+ 24. Ne2 Na6 25. Ke3 Rxh2 26. Rxh2 Bxh2 27. f4
Nc5 28. Rh1 Nxe4 29. Kxe4 Rh5 30. Kf3 Rh3+ 31. Kg2 Re3 32. Kf2 Rh3 33. Ng1 Bg3+
34. Kg2 Rxh1 35. Kxh1 Bxf4 36. b4 c6 37. Ne2 Be5 38. Nc1 cxd5 39. cxd5 Bb2 40.
Nd3 Bxa3 41. Kg2 b6 42. Kf3 a5 43. b5 Kg7 44. Nf4 Bc5 45. Ne6+ Kf6 46. Ke4 a4
47. Kd3 a3 48. Kc2 h5 49. Nf4 h4 50. Nh3 Ke5 0-1

[Event "XXXV Memorial Edoardo Crespi B"]
[Site "Milano ITA"]
[Date "2014.12.08"]
[Round "7"]
[White "Staunovo, Daniele"]
[Black "Aloe, Giancarlo"]
[WhiteElo "1513"]
[BlackElo "1631"]
[Result "1-0"]
[PlyCount "51"]
[EventDate "2014.12.06"]

1. e4 c5 2. Nf3 e6 3. d4 cxd4 4. Nxd4 a6 5. Bd3 Nc6 6. Be3 Nf6 7. f3 d5 8. O-O
Bc5 9. Nxc6 Bxe3+ 10. Kh1 bxc6 11. Qe1 Ba7 12. Nc3 O-O 13. g4 Qc7 14. e5 Ne8
15. f4 g6 16. Qh4 Ng7 17. Rf3 h5 18. Rh3 Qd8 19. Qg3 hxg4 20. Qxg4 Nf5 21. Rg1
Bxg1 22. Kxg1 Qb6+ 23. Kh1 Bb7 24. Bxf5 exf5 25. Qh4 f6 26. Qh7# 1-0

[Event "XXXV Memorial Edoardo Crespi B"]
[Site "Milano ITA"]
[Date "2014.12.08"]
[Round "7"]
[White "Trent, Alan M."]
[Black "Confalonieri, Luca"]
[WhiteElo "1698"]
[BlackElo "1699"]
[Result "0-1"]
[PlyCount "50"]
[EventDate "2014.12.06"]

1. e4 e5 2. Nc3 Nf6 3. Bc4 Nc6 4. d3 Bc5 5. Nge2 d6 6. h3 Be6 7. Bg5 Na5 8. Nd5
c6 9. Nxf6+ gxf6 10. Bxe6 fxe6 11. Bd2 Qb6 12. b4 Bxb4 13. c3 Bc5 14. d4 exd4
15. Rb1 Qc7 16. cxd4 Bb6 17. Nf4 Qe7 18. Qh5+ Qf7 19. Qe2 e5 20. dxe5 fxe5 21.
Nd3 Nc4 22. O-O Nxd2 23. Qxd2 O-O-O 24. Qc2 Rhg8 25. Nb4 Qf3 0-1

[Event "XXXV Memorial Edoardo Crespi B"]
[Site "Milano ITA"]
[Date "2014.12.08"]
[Round "7"]
[White "Viotti, Alberto"]
[Black "Torelli, Mauro"]
[WhiteElo "1583"]
[BlackElo "1702"]
[Result "1/2-1/2"]
[PlyCount "49"]
[EventDate "2014.12.06"]

1. d4 Nf6 2. Nf3 g6 3. c3 d5 4. Bf4 Bg7 5. e3 O-O 6. Nbd2 b6 7. Be2 Ba6 8. O-O
Bxe2 9. Qxe2 Nbd7 10. e4 dxe4 11. Nxe4 Re8 12. Rad1 Nd5 13. Bg3 h6 14. Ne5 f5
15. Nc6 Qc8 16. Ng5 Nf8 17. Nh3 e6 18. Ne5 g5 19. f4 g4 20. Nf2 h5 21. Qd2 Qb7
22. Nfd3 Rad8 23. Bh4 Bf6 24. Qf2 Nh7 25. Rfe1 1/2-1/2

[Event "XXXV Memorial Edoardo Crespi Magistrale"]
[Site "Milano ITA"]
[Date "2014.12.06"]
[Round "1"]
[White "Aleksic, Nenad"]
[Black "Tramalloni, Luca"]
[WhiteElo "2328"]
[BlackElo "2053"]
[Result "1-0"]
[PlyCount "75"]
[EventDate "2014.12.06"]

1. e4 c6 2. d4 d5 3. Nc3 dxe4 4. Nxe4 Bf5 5. Ng3 Bg6 6. Nf3 Nd7 7. Bc4 e6 8.
O-O Be7 9. Qe2 Ngf6 10. Bb3 O-O 11. Re1 Re8 12. Nh4 Nf8 13. c3 Qc7 14. Nxg6
hxg6 15. Bg5 N8h7 16. Bd2 Rad8 17. Rad1 a6 18. Ne4 Nxe4 19. Qxe4 Nf6 20. Qf3
Bd6 21. g3 Rd7 22. Bg5 Nh7 23. Be3 Nf6 24. Kg2 Red8 25. Rd2 Be7 26. Bf4 Bd6 27.
Bg5 Be7 28. Rde2 Nd5 29. h4 b5 30. Bxe7 Rxe7 31. h5 gxh5 32. Qxh5 Nf6 33. Qg5
Red7 34. Rh1 c5 35. Qh4 Kf8 36. Qh8+ Ke7 37. Qxg7 cxd4 38. Rxe6# 1-0

[Event "XXXV Memorial Edoardo Crespi Magistrale"]
[Site "Milano ITA"]
[Date "2014.12.06"]
[Round "1"]
[White "Alvarado Diaz, Alejandro"]
[Black "Nicolo', Filippo"]
[WhiteElo "2358"]
[BlackElo "2062"]
[Result "1-0"]
[PlyCount "75"]
[EventDate "2014.12.06"]

1. Nf3 e6 2. g3 f5 3. Bg2 Nf6 4. O-O d6 5. d4 Be7 6. c4 O-O 7. Nc3 a5 8. b3 Qe8
9. Qc2 Nc6 10. Nb5 Bd8 11. a3 e5 12. dxe5 dxe5 13. Rd1 Qh5 14. h3 h6 15. Nh2
Be6 16. Bb2 e4 17. Nf1 Rc8 18. Nd4 Nxd4 19. Bxd4 Be7 20. Qc3 c5 21. Be5 b6 22.
Ra2 Qf7 23. Rad2 Rfd8 24. Ne3 Rxd2 25. Rxd2 Nd7 26. Nd5 Bg5 27. e3 Nxe5 28.
Qxe5 Bxd5 29. Rxd5 Rf8 30. h4 Bd8 31. Bh3 g6 32. h5 gxh5 33. Bxf5 Bc7 34. Qxe4
Re8 35. Qf3 h4 36. Qg4+ Qg7 37. Qxh4 Rf8 38. Qe4 1-0

[Event "XXXV Memorial Edoardo Crespi Magistrale"]
[Site "Milano ITA"]
[Date "2014.12.06"]
[Round "1"]
[White "Andreoni, Giuseppe"]
[Black "Podetti, Davide"]
[WhiteElo "2179"]
[BlackElo "2002"]
[Result "1/2-1/2"]
[PlyCount "44"]
[EventDate "2014.12.06"]

1. e4 e6 2. d4 d5 3. Nc3 dxe4 4. Nxe4 Bd7 5. Nf3 Bc6 6. Neg5 Bd6 7. Bd3 Nd7 8.
Qe2 Qe7 9. O-O Ngf6 10. Ne5 Bxe5 11. dxe5 Nd5 12. c4 N5b6 13. b3 O-O-O 14. Bc2
Rdg8 15. a4 f6 16. Ba3 Qe8 17. exf6 gxf6 18. Ne4 f5 19. Ng3 h5 20. f3 h4 21.
Nh1 Rg6 22. a5 Na8 1/2-1/2

[Event "XXXV Memorial Edoardo Crespi Magistrale"]
[Site "Milano ITA"]
[Date "2014.12.06"]
[Round "1"]
[White "Arigoni, Bruno"]
[Black "Garano, Nicola"]
[WhiteElo "2029"]
[BlackElo "2189"]
[Result "1/2-1/2"]
[PlyCount "115"]
[EventDate "2014.12.06"]

1. e4 c5 2. Nc3 Nc6 3. g3 g6 4. Bg2 Bg7 5. Nge2 e5 6. d3 d6 7. O-O Nge7 8. Bg5
f6 9. Be3 Nd4 10. Qd2 O-O 11. Rac1 Rb8 12. Bh6 Qa5 13. a3 Bg4 14. f3 Be6 15.
Bxg7 Kxg7 16. Qe1 b5 17. Qf2 Rbc8 18. h3 Bg8 19. f4 b4 20. axb4 cxb4 21. Ra1
Qb6 22. Nxd4 bxc3 23. bxc3 exd4 24. cxd4 a5 25. Rfb1 Qa7 26. e5 d5 27. c4 fxe5
28. dxe5 Qxf2+ 29. Kxf2 Rc7 30. Rxa5 dxc4 31. dxc4 Rd8 32. Bd5 Nxd5 33. cxd5
Rxd5 34. Rxd5 Bxd5 35. Rd1 Be6 36. g4 Rc3 37. Rd6 Kf7 38. f5 Bc8 39. e6+ Ke7
40. Rb6 gxf5 41. gxf5 Kf6 42. Rb5 Rxh3 43. Rc5 Ba6 44. Ra5 Bd3 45. Rd5 Bc4 46.
Rc5 Bb3 47. Rb5 Bc2 48. Rc5 Ba4 49. Ra5 Bc2 50. Rc5 Ba4 51. Ra5 Bc6 52. Rc5 Be8
53. Rc8 Bh5 54. Rf8+ Ke7 55. Rb8 Rf3+ 56. Kg2 Rxf5 57. Rb7+ Kxe6 58. Rxh7
1/2-1/2

[Event "XXXV Memorial Edoardo Crespi Magistrale"]
[Site "Milano ITA"]
[Date "2014.12.17"]
[Round "1"]
[White "Battistella, Stefano"]
[Black "Pavlidis, Anastasios"]
[WhiteElo "2055"]
[BlackElo "2354"]
[Result "0-1"]
[PlyCount "64"]
[EventDate "2014.12.06"]

1. d4 g6 2. g3 Bg7 3. Bg2 c5 4. Nf3 cxd4 5. Nxd4 Nc6 6. Nb3 Nf6 7. Nc3 O-O 8.
O-O d6 9. h3 Be6 10. e4 a5 11. a4 Nd7 12. Nd5 Nc5 13. c3 Ne5 14. Nxc5 dxc5 15.
f4 Nc4 16. Qe2 Bxd5 17. exd5 Nd6 18. Be3 Rc8 19. g4 Re8 20. Qf2 Qb6 21. Qc2
Red8 22. Rab1 Qa6 23. Rfe1 b5 24. Qf2 b4 25. Bxc5 bxc3 26. bxc3 Bxc3 27. Rxe7
Rxc5 28. Qxc5 Qd3 29. Bf1 Bd4+ 30. Kh1 Qxb1 31. Qxd4 Qxf1+ 32. Kh2 Rc8 0-1

[Event "XXXV Memorial Edoardo Crespi Magistrale"]
[Site "Milano ITA"]
[Date "2014.12.06"]
[Round "1"]
[White "Brociner, Beniamino"]
[Black "Pelizzola, Danilo"]
[WhiteElo "2202"]
[BlackElo "2033"]
[Result "1-0"]
[PlyCount "93"]
[EventDate "2014.12.06"]

1. Nf3 Nf6 2. c4 b6 3. g3 Bb7 4. Bg2 e6 5. O-O Be7 6. d4 O-O 7. Nc3 d5 8. Ne5
Nbd7 9. Qa4 Nxe5 10. dxe5 Nd7 11. cxd5 Nc5 12. Qc4 Ba6 13. Qg4 exd5 14. Nxd5
Bc8 15. Qf3 Bb7 16. Be3 Bxd5 17. Qxd5 Qxd5 18. Bxd5 Rad8 19. Bc6 Ne6 20. Rfd1
Bc5 21. Bxc5 Nxc5 22. b4 Ne6 23. e3 Rxd1+ 24. Rxd1 Rd8 25. Rd5 Kf8 26. Kf1 Ke7
27. Ke2 h6 28. f4 Rxd5 29. Bxd5 Nd8 30. b5 Ne6 31. Bxe6 fxe6 32. e4 Kd7 33. f5
c5 34. bxc6+ Kxc6 35. f6 gxf6 36. exf6 Kd6 37. e5+ Kd7 38. Kd3 Ke8 39. g4 Kf7
40. h4 Kg6 41. h5+ Kh7 42. Ke4 Kh8 43. Kf4 Kg8 44. g5 Kh7 45. Kg4 a6 46. Kf4
hxg5+ 47. Kxg5 1-0

[Event "XXXV Memorial Edoardo Crespi Magistrale"]
[Site "Milano ITA"]
[Date "2014.12.06"]
[Round "1"]
[White "Cazzaniga, Walter"]
[Black "Olea, Liliana"]
[WhiteElo "2115"]
[BlackElo "1928"]
[Result "1/2-1/2"]
[PlyCount "103"]
[EventDate "2014.12.06"]

1. d4 d5 2. c4 e6 3. Nc3 Nf6 4. Bg5 Nbd7 5. cxd5 exd5 6. e3 Be7 7. Nf3 O-O 8.
Bd3 Re8 9. O-O c6 10. Qc2 Ne4 11. Bxe4 dxe4 12. Nxe4 h6 13. Bxe7 Qxe7 14. Nc5
Nf6 15. Rac1 Nd5 16. Rfe1 b6 17. Nd3 Bb7 18. a3 Rac8 19. b4 Qf6 20. Qd2 Qf5 21.
Nfe5 Qg5 22. Qa2 Re7 23. f4 Qh5 24. b5 c5 25. dxc5 bxc5 26. Rxc5 Rxc5 27. Nxc5
Ba8 28. Qd2 f6 29. Nc6 Bxc6 30. bxc6 Nxf4 31. Nd7 Qe8 32. Qd4 Ng6 33. Qxa7 Ne5
34. Qc5 Nxd7 35. cxd7 Rxd7 36. Rc1 Rd2 37. Qc8 Rd8 38. Qc3 Kh8 39. h3 Qe4 40.
Ra1 Ra8 41. Rd1 Re8 42. Rd3 f5 43. Qd4 Qc6 44. Rc3 Qb7 45. Qf4 Qb2 46. Qb4 Qe2
47. Qc5 Rd8 48. Rc2 Rd1+ 49. Kh2 Qh5 50. Qe5 Re1 51. Qg3 Ra1 52. Rf2 1/2-1/2

[Event "XXXV Memorial Edoardo Crespi Magistrale"]
[Site "Milano ITA"]
[Date "2014.12.06"]
[Round "1"]
[White "Gabuzyan, Hovhannes"]
[Black "Iudicello, Giovanni"]
[WhiteElo "2565"]
[BlackElo "2099"]
[Result "1-0"]
[PlyCount "183"]
[EventDate "2014.12.06"]

1. e4 e5 2. Nf3 Nc6 3. Bb5 a6 4. Ba4 Nf6 5. O-O Be7 6. Re1 b5 7. Bb3 d6 8. c3
O-O 9. h3 Na5 10. Bc2 c5 11. d4 Qc7 12. d5 Bd7 13. b3 Nb7 14. Be3 c4 15. b4 a5
16. a3 Ra6 17. Nh2 Rfa8 18. Nf1 Ne8 19. g4 g6 20. Ng3 Ng7 21. Kh1 Qd8 22. Qd2
f6 23. Rg1 Kh8 24. Bh6 Bf8 25. Qe2 Qe7 26. Qf3 Nd8 27. Bc1 Nf7 28. Nd2 Ne8 29.
a4 axb4 30. cxb4 Bh6 31. a5 Nc7 32. Ne2 Rf8 33. Qg3 Raa8 34. h4 Na6 35. Rb1
Rac8 36. Rg2 Rfe8 37. Qc3 Qd8 38. Bb2 Bg7 39. Rbg1 Qe7 40. Rh2 Rf8 41. h5 Kg8
42. Nf3 g5 43. Qd2 h6 44. Bc3 Rb8 45. Rhg2 Qd8 46. Bd1 Qc8 47. Qe3 Re8 48. Nh2
Rb7 49. Nf1 Qb8 50. Qh3 Qc8 51. Ne3 Qd8 52. Nf5 Bf8 53. Bc2 Rb8 54. Bb1 Rb7 55.
Qe3 Nh8 56. Qd2 Nf7 57. Qc2 Rb8 58. Ne3 Bg7 59. Nf5 Bf8 60. f4 Rb7 61. Ne3 Bg7
62. fxg5 fxg5 63. Ng3 Qc8 64. Ngf5 Bxf5 65. Nxf5 Bf8 66. Rf1 Rd8 67. Rgf2 Rdd7
68. Rf3 Qd8 69. Qf2 Qe8 70. Bc2 Qd8 71. Bd1 Qb8 72. Bc2 Qe8 73. Qe3 Qd8 74.
R3f2 Qe8 75. Qf3 Nd8 76. Qe2 Nf7 77. Ne3 Bg7 78. Rf3 Nd8 79. R1f2 Rbc7 80. Nf5
Bf8 81. Qf1 Ra7 82. Qe1 Rab7 83. Bd2 Rdc7 84. Be3 Rb8 85. Bb6 Rf7 86. Bb1 Rbb7
87. Qf1 Nxb4 88. Bxd8 Qxd8 89. Nxh6+ Bxh6 90. Rxf7 Rxf7 91. Rxf7 Qe8 92. Rb7
1-0

[Event "XXXV Memorial Edoardo Crespi Magistrale"]
[Site "Milano ITA"]
[Date "2014.12.06"]
[Round "1"]
[White "Gedajlovic, Max"]
[Black "Rozentalis, Eduardas"]
[WhiteElo "2104"]
[BlackElo "2600"]
[Result "0-1"]
[PlyCount "104"]
[EventDate "2014.12.06"]

1. d4 Nf6 2. Nf3 e6 3. e3 c5 4. Bd3 d5 5. b3 Qa5+ 6. c3 Nc6 7. Bb2 cxd4 8. exd4
Bd6 9. O-O O-O 10. Re1 Qc7 11. Ba3 Bxa3 12. Nxa3 a6 13. Rc1 Bd7 14. Nb1 b5 15.
Nbd2 Rfc8 16. Ne5 Be8 17. Qf3 Qa5 18. b4 Qxa2 19. Rc2 Qa4 20. Nxc6 Bxc6 21.
Rcc1 Ne4 22. Nxe4 dxe4 23. Bxe4 Bxe4 24. Qxe4 Qb3 25. Qd3 g6 26. h3 Rc4 27. Qc2
Qa3 28. Re5 Rd8 29. Re3 Rdxd4 30. Rb1 Rd5 31. Rb3 Qa4 32. Kh2 a5 33. Qb2 axb4
34. cxb4 Qa7 35. Rf3 Qd4 36. Qa3 Kg7 37. g3 Rc2 38. Kg2 Rf5 39. Rbe3 h5 40.
Rxf5 gxf5 41. Rf3 Qd1 42. Rc3 Qd5+ 43. Rf3 Rc4 44. Qe3 Rxb4 45. Kh2 Rb1 46.
Qc3+ Kh7 47. g4 Qd1 48. Kg3 hxg4 49. hxg4 Qg1+ 50. Kf4 Qxg4+ 51. Ke3 Qe4+ 52.
Kd2 Qe1+ 0-1

[Event "XXXV Memorial Edoardo Crespi Magistrale"]
[Site "Milano ITA"]
[Date "2014.12.06"]
[Round "1"]
[White "Goossens, Hanne"]
[Black "Stella, Andrea"]
[WhiteElo "2090"]
[BlackElo "2410"]
[Result "1/2-1/2"]
[PlyCount "70"]
[EventDate "2014.12.06"]

1. e4 e6 2. d4 d5 3. exd5 exd5 4. Bd3 c5 5. dxc5 Bxc5 6. Nf3 Nf6 7. O-O O-O 8.
Bg5 h6 9. Bh4 Bg4 10. Nc3 Nc6 11. Bxf6 Qxf6 12. Nxd5 Qxb2 13. Rb1 Qa3 14. h3
Bxf3 15. Qxf3 Ne5 16. Qf5 Nxd3 17. cxd3 b6 18. Rbe1 Rae8 19. Rxe8 Rxe8 20. Qd7
Re6 21. Nf4 Rf6 22. Qe8+ Bf8 23. g3 g5 24. Nd5 Re6 25. Qb5 a6 26. Qc4 b5 27.
Qc2 Qc5 28. Qb3 a5 29. Ne3 a4 30. Qb1 Qb4 31. Qc2 Qc5 32. Qb1 Qb4 33. Qc2 Qc5
34. Qb1 Qb4 35. Qc2 Qc5 1/2-1/2

[Event "XXXV Memorial Edoardo Crespi Magistrale"]
[Site "Milano ITA"]
[Date "2014.12.06"]
[Round "1"]
[White "Legky, Nikolay A."]
[Black "Vanheirzeele, Daniel"]
[WhiteElo "2406"]
[BlackElo "2081"]
[Result "1/2-1/2"]
[PlyCount "94"]
[EventDate "2014.12.06"]

1. b3 d5 2. Bb2 Bg4 3. f3 Bf5 4. e4 dxe4 5. Nc3 Nf6 6. g4 Bg6 7. Bg2 Nc6 8.
Nxe4 e5 9. h4 Nxe4 10. fxe4 h6 11. Nf3 Bc5 12. Qe2 Qe7 13. O-O-O O-O-O 14. h5
Bh7 15. c3 Kb8 16. Nh4 Rd7 17. Nf5 Qg5 18. Kb1 Rhd8 19. d3 Bxf5 20. exf5 Qe3
21. Qxe3 Bxe3 22. Bxc6 bxc6 23. Kc2 f6 24. Rhe1 Bf2 25. Re4 Rd5 26. Rc4 Kb7 27.
a4 a5 28. Ba3 c5 29. Bc1 R8d6 30. Re4 Rd8 31. Rf1 Bh4 32. Rf3 Bg5 33. Ba3 Kb6
34. Rc4 R8d7 35. b4 cxb4 36. cxb4 axb4 37. Bxb4 Kb7 38. Bc3 R7d6 39. a5 c5 40.
Rf1 Be3 41. Rb1+ Ka7 42. Re4 Bd4 43. Bd2 Rc6 44. Kb3 Bf2 45. Rc4 Rcd6 46. Bc3
Bd4 47. Bxd4 cxd4 1/2-1/2

[Event "XXXV Memorial Edoardo Crespi Magistrale"]
[Site "Milano ITA"]
[Date "2014.12.06"]
[Round "1"]
[White "Podini, Francesco"]
[Black "D'Avino, Gianfranco"]
[WhiteElo "2000"]
[BlackElo "2137"]
[Result "1/2-1/2"]
[PlyCount "59"]
[EventDate "2014.12.06"]

1. c4 Nf6 2. Nc3 d5 3. cxd5 Nxd5 4. g3 g6 5. Bg2 Nb6 6. h4 h5 7. Nf3 Bg7 8. O-O
Nc6 9. d3 Bf5 10. Bd2 O-O 11. Rb1 e5 12. b4 Nd4 13. Ng5 c6 14. a4 Nd5 15. Nxd5
cxd5 16. e3 Nc6 17. Qb3 Ne7 18. b5 f6 19. e4 fxg5 20. exf5 gxf5 21. Bxg5 Bf6
22. Qd1 Bxg5 23. hxg5 Qe8 24. Re1 e4 25. dxe4 fxe4 26. f3 exf3 27. Bxf3 Qf7 28.
Rf1 Qf5 29. Bxh5 Qxg5 30. Qg4 1/2-1/2

[Event "XXXV Memorial Edoardo Crespi Magistrale"]
[Site "Milano ITA"]
[Date "2014.12.06"]
[Round "1"]
[White "Ricci, Marco"]
[Black "Vezzosi, Paolo"]
[WhiteElo "2048"]
[BlackElo "2291"]
[Result "0-1"]
[PlyCount "56"]
[EventDate "2014.12.06"]

1. e4 c5 2. Nf3 Nc6 3. d4 cxd4 4. Nxd4 Qc7 5. Nc3 e6 6. Be2 Nf6 7. O-O Be7 8.
Be3 d6 9. f3 a6 10. Na4 d5 11. Nxc6 Qxc6 12. Nb6 Bc5 13. Nxa8 Bxe3+ 14. Kh1 O-O
15. e5 Nd7 16. f4 b5 17. Bd3 f5 18. exf6 Nxf6 19. Qf3 Ba7 20. Rae1 Bb8 21. c3
Qxa8 22. Qe3 Qa7 23. Qf3 Qb6 24. Qe2 Re8 25. Rf3 Qd6 26. g3 Bb7 27. Kg1 Ba7+
28. Kf1 d4 0-1